• 首页
  • 本馆介绍
  • 公告通知
  • 最新文献
  • 馆藏检索
  • 电子资源
  • 读者荐购
  • 参考咨询
  • CALIS
  • 我的图书馆
  • 登录
  • 详细信息显示
  • 放入我的书架
  • 预约/预借图书
  • 作者相关作品
  • 分类相关作品
  • 丛书相关作品
  • 出版社相关作品

书目信息

  • 表格格式
  • 工作单格式
  • 卡片格式
题名:
世界上最美丽的英文
    
 
作者: 赵妍 编
分册:  
出版信息: 北京   中国水利水电出版社  2005.01
页数: 185页
开本: 18×18cm
丛书名:
单 册:
中图分类: H319.4
科图分类:
主题词: 英语--语言读物
电子资源:
ISBN: 7-5084-2628-2
 
 
 
 
 
000 00936nam0 2200253 450
001 0142157141
005 20050622162521.41
010    @a7-5084-2628-2@dCNY18.80
100    @a20050316d2005 km y0chiy0120 ea
101 0  @achi@aeng
102    @aCN@b110000
105    @aa z 000yy
200 1  @a世界上最美丽的英文@Ashi jie shang zui mei li de ying wen@d= love and life@e爱与人生@f赵妍编@Fzhao yan bian
210    @a北京@c中国水利水电出版社@d2005.01
215    @a185页@c图@d18×18cm
300    @a本书适用于不同层次的英语爱好者学习和休闲阅读。
330    @a本书精选了50作篇脍炙人口的英文经典美文,分为情满人间和人生短篇两个部分,采用英汉对照的方式安排内容,便于读者阅读学习,是不可多得的阅读、学习和收藏精品。
510 1  @alove and life@zeng
517 1  @a爱与人生@Aai yu ren sheng
606 0  @a英语@x语言读物
690    @aH319.4@v4
701  0 @a赵妍@Azhao yan@4编
801  0 @aCN@bRULIN@c20050622
905    @a10447@dH319.4@eZ345
    
    世界上最美丽的英文= love and life:爱与人生/赵妍编.-北京:中国水利水电出版社,2005.01
    185页:图;18×18cm
    本书适用于不同层次的英语爱好者学习和休闲阅读。
    
    ISBN 7-5084-2628-2:CNY18.80
    本书精选了50作篇脍炙人口的英文经典美文,分为情满人间和人生短篇两个部分,采用英汉对照的方式安排内容,便于读者阅读学习,是不可多得的阅读、学习和收藏精品。
●
相关链接 在E读中查询图书 在当当中查询图书 在豆瓣中查询图书


正题名:世界上最美丽的英文     索取号:H319.4/Z345         预约/预借

序号 登录号 条形码 馆藏地/架位号 状态 备注
1 520077   205200771   语言库209/209语言库 21排1列1层/ [索取号:H319.4/Z345] 在馆    
2 520078   205200780   语言库209/209语言库 21排1列1层/ [索取号:H319.4/Z345] 在馆    
3 520079   205200799   语言库209/209语言库 21排1列1层/ [索取号:H319.4/Z345] 在馆    
河南城建学院图书馆 欢迎您!
大连网信软件有限公司© 版权所有